| 000 | 00000nam##2200000za#4500 |
| 001 | 9.572693 |
| 003 | CaOODSP |
| 005 | 20230202144024 |
| 007 | cr ||||||||||| |
| 008 | 150406|1997||||xxc|||||o f|0| 0 eng|d |
| 040 | |aCaOODSP|beng |
| 043 | |an-cn--- |
| 086 | 1 |aH72-22/2-1997E-PDF |
| 110 | 2 |aNational Clearinghouse on Family Violence (Canada). |
| 245 | 10|aChild sexual abuse / |h[electronic resource]|crevised by Tom Hay with assistance from David Allen. |
| 250 | |aRev. |
| 260 | |aOttawa - Ontario : |bHealth Canada. |c1990, 1997. |
| 300 | |a10p.|breferences |
| 490 | 1 |aInformation from the National Clearinghouse on Family Violence |
| 500 | |aThe catalogue number (H72-22/2-1997E) and ISBN (0-662-24593-8) for the print edition have been incorrectly copied in this electronic publication. |
| 520 | 3 |a"Child sexual abuse occurs when a child is used for sexual purposes by an adult or adolescent. It involves exposing a child to any sexual activity or behaviour. Sexual abuse most often involves fondling and may include inviting a child to touch or be touched sexually"--p.1. |
| 590 | |a11-31-Supp|b2011-12-13 |
| 690 | 07|aChildren|2gcpds |
| 690 | 07|aFamily violence|2gcpds |
| 690 | 07|aSexual offenses|2gcpds |
| 720 | 1 |aHay, Tom |
| 720 | 1 |aAllen, David |
| 775 | 08|tL'agression sexuelle d'enfants / |w(CaOODSP)9.603023 |
| 776 | 0#|tChild sexual abuse / |w(CaOODSP)9.613835 |
| 830 | #0|aInformation from the National Clearinghouse on Family Violence.|w(CaOODSP)9.504469 |
| 856 | 40|ahttp://publications.gc.ca|qPDF|s32 KB|uhttps://publications.gc.ca/collections/Collection/H72-22-2-1997E.pdf |